000 01177nac a22003857a 4500
001 BR0100989
003 BR-BrBNA
005 20240105122516.0
008 230509b bl.|||m| |||| 00| 0 por d
040 _aBR-BrBNA
_bpor
_cBiblioteca Nacional de Agricultura
072 _aF01; F03
090 _a0336 BR0100989
110 1 _aEMBRAPA Agropecuaria Oeste, Dourados, MS (Brasil)
245 1 _aSoja: recomendacoes tecnicas para Mato Grosso do Sul e Mato Grosso
260 3 _aDourados, MS (Brasil):
_c2000.
300 _a167 p.
490 _aCircular Tecnica - EMBRAPA Agropecuaria Oeste (Brazil)
_vno. 6
_xISSN 1517-4557
500 _aBibliography p. 167-176; 34 tables; 16 illus.
650 _aSoja
650 _aAgribusiness
650 _aManejo do Solo
650 _aPratica Cultural
650 _aFertilidade do Solo
650 _aFungicida
650 _aControle Cultural
650 _aControle Quimico
650 _aErva Daninha
650 _aVariedade
650 _aDoenca de Planta
650 _aSemente
650 _aMato Grosso
650 _aMato Grosso do Sul
909 _a202312
_bLúcia Elande
_c55
_dLúcia Elande
942 _2AGRIS
_n0
_cMS
999 _c291400
_d291400